Fr. Conceicao Rodrigues College of Engineering

Abusing the internet of things (Record no. 23674)

MARC details
000 -LEADER
fixed length control field 00325nam a2200169Ia 4500
082 ## - DEWEY DECIMAL CLASSIFICATION NUMBER
Item number DHA
100 ## - MAIN ENTRY--PERSONAL NAME
Personal name Dhanjani/Nitesh
245 ## - TITLE STATEMENT
Title Abusing the internet of things
260 ## - PUBLICATION, DISTRIBUTION, ETC.
Name of publisher, distributor, etc. Oreilly
Date of publication, distribution, etc. 2015
366 ## - TRADE AVAILABILITY INFORMATION
Publishers's discount category 20
300 ## - PHYSICAL DESCRIPTION
Extent 270
546 ## - LANGUAGE NOTE
Language note ENGLISH
650 ## - SUBJECT ADDED ENTRY--TOPICAL TERM
Topical term or geographic name entry element IOT
654 ## - SUBJECT ADDED ENTRY--FACETED TOPICAL TERMS
Focus term IOT
942 ## - ADDED ENTRY ELEMENTS (KOHA)
Koha item type BOOK
Holdings
Withdrawn status Lost status Damaged status Not for loan Collection Home library Current library Date acquired Source of acquisition Cost, normal purchase price Inventory number Total Checkouts Full call number Barcode Date last seen Cost, replacement price Price effective from Koha item type
        CRC Fr. Agnel's C.Rodrigues College of Engineering Fr. Agnel's C.Rodrigues College of Engineering 17/03/2023 Shroff Publishers 380.00 4112 dt 20.01.2018   DHA 25052 17/03/2023 475.00   BOOK